Alapok és tervek. A romániai magyar sajtó történetének előmunkálatai
Elmentve itt :
| Szerző: | |
|---|---|
| Adatforrás: | Meister |
| Forrásdokumentuma: | A Hét. - 8 sz., 1999, 5 p. |
| Nyelv: | magyar |
| Kulcsszavak: | sajtótörténet művelődéstörténet sajtó magyar sajtó (romániai) |
| LEADER | 00464nab a2200157 i 4500 | ||
|---|---|---|---|
| 001 | bibPRO00007805 | ||
| 008 | 060524s1999 xx hun | ||
| 040 | |a Sz1 | ||
| 041 | |a hun | ||
| 100 | 1 | |a CSEKE Péter | |
| 245 | 1 | 0 | |a Alapok és tervek. A romániai magyar sajtó történetének előmunkálatai |c CSEKE Péter |
| 695 | |a sajtótörténet | ||
| 695 | |a művelődéstörténet | ||
| 695 | |a sajtó | ||
| 695 | |a magyar sajtó (romániai) | ||
| 773 | 0 | |t A Hét. - |g 8 sz., 1999, 5 p. | |